| 000 | 01129nam0a22002771 4500 | ||
|---|---|---|---|
| 001 | rc\4686760 | ||
| 005 | 20130416205953.8 | ||
| 021 |
_aRU _b[62-81996] |
||
| 035 | _a(NLR Aleph) 008711150 | ||
| 090 |
_a9359021 _c9359021 |
||
| 100 | _a20130416d1962 |||y0rusy50 ca | ||
| 101 | 0 | _arus | |
| 102 | _aRU | ||
| 105 | _aa z ||||| | ||
| 200 | 1 | _aИсследование вопросов автоматизации работы сортировочных станций | |
| 210 |
_aМинск _cИзд-во М-ва высш., сред. спец. и проф. образования БССР _d1962 |
||
| 215 |
_a36 с., 2 л. граф. _cчерт. _d19 |
||
| 225 | 1 |
_aБелорусский институт инженеров железнодорожного транспорта. [Труды _vВып. 18] |
|
| 606 |
_aСортировочные горки _xАвтоматизация _2psbo |
||
| 700 | 1 |
_aПравдин _bН. В. _gНиколай Владимирович |
|
| 701 | 1 |
_aКришень _bГ. А. |
|
| 801 | 0 |
_aRU _bNLR _gpsbo |
|
| 801 | 1 |
_aRU _bELAR _2rusmarc |
|
| 852 |
_aNLR _jП10/1877 |
||
| 942 | _cBOOK | ||
| 980 | _aNB | ||